Технология металлов и других конструкционных материалов: учебник для вузов

Detaylı Bibliyografya
Diğer Yazarlar: Дубинин Н. П. Николай Петрович (редактор), Лиференко Н. Н. Нина Николаевна, Хренов А. Д. Алексей Дмитриевич, Арутбнова И. А. Ирина Александровна, Макаров Э. Л. Эдуард Леонидович, Никитин М. С. Михаил Семенович, Бухаркин Л. Н. Леонид Николаевич, Гладилин А. Н. Анатолий Николаевич, Сыроегин А. А. Александр Александрович, Ефремов В. К. Валентин Константинович
Dil:Rusça
Baskı/Yayın Bilgisi: Москва, Высшая школа, 1969
Edisyon:2-е изд., перераб. и доп.
Konular:
Materyal Türü: MixedMaterials Kitap
KOHA link:https://koha.lib.tpu.ru/cgi-bin/koha/opac-detail.pl?biblionumber=326389

MARC

LEADER 00000nam0a2200000 4500
001 326389
005 20231102003846.0
035 |a (RuTPU)RU\TPU\book\352037 
090 |a 326389 
100 |a 20161226d1969 m y0rusy50 ca 
101 0 |a rus 
102 |a RU 
105 |a a j 000zy 
200 1 |a Технология металлов и других конструкционных материалов  |e учебник для вузов  |f Н. П. Дубинин [и др.]  |g под ред. Н. П. Дубинина 
205 |a 2-е изд., перераб. и доп. 
210 |a Москва  |c Высшая школа  |d 1969 
215 |a 702 с.  |c ил. 
606 1 |a Технология металлов  |2 stltpush  |3 (RuTPU)RU\TPU\subj\60152  |9 77641 
610 1 |a металлы 
610 1 |a сплавы 
610 1 |a свойства 
610 1 |a производство 
610 1 |a черные металлы 
610 1 |a цветные металлы 
610 1 |a литейное производство 
610 1 |a отливки 
610 1 |a металлообработка 
610 1 |a обработка давлением 
610 1 |a сварочное производство 
610 1 |a заготовки 
610 1 |a детали машин 
610 1 |a инструментальные материалы 
610 1 |a токарная обработка 
610 1 |a строгальные станки 
610 1 |a сверлильные станки 
610 1 |a расточные станки 
610 1 |a зуборезные станки 
610 1 |a поверхности 
610 1 |a формообразование 
610 1 |a неметаллические материалы 
610 1 |a учебники 
675 |a 621.7/.9(075.8)  |v 4 
701 1 |a Дубинин  |b Н. П.  |g Николай Петрович 
701 1 |a Лиференко  |b Н. Н.  |g Нина Николаевна 
701 1 |a Хренов  |b А. Д.  |g Алексей Дмитриевич 
701 1 |a Арутбнова  |b И. А.  |g Ирина Александровна 
701 1 |a Макаров  |b Э. Л.  |g Эдуард Леонидович 
701 1 |a Никитин  |b М. С.  |g Михаил Семенович 
701 1 |a Бухаркин  |b Л. Н.  |g Леонид Николаевич 
701 1 |a Гладилин  |b А. Н.  |g Анатолий Николаевич 
701 1 |a Сыроегин  |b А. А.  |g Александр Александрович 
701 1 |a Ефремов  |b В. К.  |g Валентин Константинович 
702 1 |a Дубинин  |b Н. П.  |g Николай Петрович  |4 340 
801 1 |a RU  |b 63413507  |c 20161226 
801 2 |a RU  |b 63413507  |c 20171214  |g RCR 
942 |c BK